UBT Library

Metodat e kërkimit sasior në shkencat sociale : (Record no. 1119)

000 -LEADER
fixed length control field 00632nam a22002177a 4500
008 - FIXED-LENGTH DATA ELEMENTS--GENERAL INFORMATION
fixed length control field 150714b xxu||||| |||| 00| 0 alb d
020 ## - INTERNATIONAL STANDARD BOOK NUMBER
International Standard Book Number 9789995619435
041 0# - LANGUAGE CODE
Language code of text/sound track or separate title alb
080 ## - UNIVERSAL DECIMAL CLASSIFICATION NUMBER
Universal Decimal Classification number 303.023
100 ## - Rafti
Rafti Kocani, Aleksandër ;
245 ## - TITLE STATEMENT
Title Metodat e kërkimit sasior në shkencat sociale :
Statement of responsibility, etc Aleksandër Kocani.
250 ## -
-- 2nd Edition
260 ## -
-- Tiranë :
-- UFO Press,
-- 2009.
300 ## -
-- XII, 201 f. ;
-- 23 cm.
505 ## -
-- Bibliogr.: f.193-194.
505 ## -
-- L.1000, pa tir.
650 #0 -
-- Shkenca shoqërore
650 #0 -
-- Metodologjia
650 #0 -
-- Doracakë, manuale, etj.
942 ## - ADDED ENTRY ELEMENTS (KOHA)
Source of classification or shelving scheme
Item type Books
Holdings
Withdrawn status Lost status Source of classification or shelving scheme Damaged status Not for loan Collection code Permanent location Current location Shelving location Date acquired Total Checkouts Full call number Date last seen Price effective from Koha item type
          Koleksioni i përgjithshem UBT - Prishtine UBT - Prishtine Koleksioni i përgjithshem 07/14/2015   303 .023 (035) KOC 07/14/2015 07/14/2015 Books
UBT Library © 2015-2024. All rights reserved University Education for Business and Technology